TB OF FORENSIC MEDICINE &TOXICOLOGY (Record no. 631)

MARC details
000 -LEADER
fixed length control field 00328nam a2200133Ia 4500
008 - FIXED-LENGTH DATA ELEMENTS--GENERAL INFORMATION
fixed length control field 150201s2010 xx 000 0 und d
082 ## - DEWEY DECIMAL CLASSIFICATION NUMBER
Classification number 614.1
Item number F10D
100 ## - MAIN ENTRY--PERSONAL NAME
Personal name DIKSHIT,PC
245 ## - TITLE STATEMENT
Title TB OF FORENSIC MEDICINE &TOXICOLOGY
250 ## - EDITION STATEMENT
Edition statement 1ST
260 ## - PUBLICATION, DISTRIBUTION, ETC. (IMPRINT)
Name of publisher, distributor, etc. PEEPEE
Place of publication, distribution, etc. DELHI
Date of publication, distribution, etc. 2010
650 ## - SUBJECT ADDED ENTRY--TOPICAL TERM
Topical term or geographic name as entry element FORENSIC MEDICINE
942 ## - ADDED ENTRY ELEMENTS (KOHA)
Source of classification or shelving scheme Dewey Decimal Classification
Koha item type Books
Koha issues (borrowed), all copies 5
Holdings
Withdrawn status Lost status Source of classification or shelving scheme Damaged status Not for loan Collection code Home library Current library Shelving location Date acquired Source of acquisition Cost, normal purchase price SGTU Bill Number Total Checkouts Full call number Barcode Date last seen Bill Date Koha item type Date last checked out
    Dewey Decimal Classification     MEDICAL SGT Medical Library SGT Medical Library Text Book 26/02/2010 U.B.S. DELHI 325.00 SGTU 994   614.1 F10D FM2871 09/02/2015 26/02/2010 Books  
    Dewey Decimal Classification     MEDICAL SGT Medical Library SGT Medical Library Text Book 26/02/2010 U.B.S. DELHI 325.00 SGTU 994   614.1 F10D FM2872 09/02/2015 26/02/2010 Books  
    Dewey Decimal Classification     MEDICAL SGT Medical Library SGT Medical Library Text Book 26/02/2010 U.B.S. DELHI 325.00 SGTU 994   614.1 F10D FM2873 09/02/2015 26/02/2010 Books  
    Dewey Decimal Classification     MEDICAL SGT Medical Library SGT Medical Library Text Book 26/02/2010 U.B.S. DELHI 325.00 SGTU 994 4 614.1 F10D FM2874 19/02/2024 26/02/2010 Books 19/02/2024
    Dewey Decimal Classification     MEDICAL SGT Medical Library SGT Medical Library Text Book 26/02/2010 U.B.S. DELHI 325.00 SGTU 994 1 614.1 F10D FM2875 01/08/2022 26/02/2010 Books 13/07/2022